The water-babies (Record no. 233216)
[ view plain ]
| 000 -LEADER | |
|---|---|
| fixed length control field | 00595cam a2200193u 4500 |
| 001 - CONTROL NUMBER | |
| control field | 9145580 |
| 003 - CONTROL NUMBER IDENTIFIER | |
| control field | Nust |
| 005 - DATE AND TIME OF LATEST TRANSACTION | |
| control field | 20170305114021.0 |
| 008 - FIXED-LENGTH DATA ELEMENTS--GENERAL INFORMATION | |
| fixed length control field | 830714s1906 nyuf j 000 0 eng |
| 010 ## - LIBRARY OF CONGRESS CONTROL NUMBER | |
| LC control number | 06033570 |
| 020 ## - INTERNATIONAL STANDARD BOOK NUMBER | |
| International Standard Book Number | 9780710502162 |
| 040 ## - CATALOGING SOURCE | |
| Original cataloging agency | DLC |
| Transcribing agency | CarP |
| Modifying agency | DLC |
| 050 00 - LIBRARY OF CONGRESS CALL NUMBER | |
| Classification number | PZ8.K619 |
| Item number | W11 |
| 082 ## - DEWEY DECIMAL CLASSIFICATION NUMBER | |
| Classification number | 823 |
| Author Mark | KIN |
| 100 1# - MAIN ENTRY--PERSONAL NAME | |
| Personal name | Kingsley, Charles, |
| Dates associated with a name | 1819-1875. |
| 245 04 - TITLE STATEMENT | |
| Title | The water-babies |
| 260 ## - PUBLICATION, DISTRIBUTION, ETC. | |
| Place of publication, distribution, etc. | New York, |
| Name of publisher, distributor, etc. | McLoughlin brothers |
| Date of publication, distribution, etc. | 1906 |
| 300 ## - PHYSICAL DESCRIPTION | |
| Extent | 205 p. |
| Other physical details | col. front., plates. |
| Dimensions | 20 cm. |
| 700 1# - ADDED ENTRY--PERSONAL NAME | |
| Personal name | Steedman, Amy. |
| 906 ## - LOCAL DATA ELEMENT F, LDF (RLIN) | |
| a | 0 |
| b | cbc |
| c | premunv |
| d | u |
| e | ncip |
| f | 19 |
| g | y-gencatlg |
| 942 ## - ADDED ENTRY ELEMENTS (KOHA) | |
| Source of classification or shelving scheme | |
| Koha item type | Book |
| Withdrawn status | Lost status | Source of classification or shelving scheme | Damaged status | Not for loan | Collection code | Permanent Location | Current Location | Shelving location | Date acquired | Total Checkouts | Full call number | Barcode | Date last seen | Copy number | Price effective from | Koha item type |
|---|---|---|---|---|---|---|---|---|---|---|---|---|---|---|---|---|
| Central Library (CL) | Central Library (CL) | Fiction | 03/05/2017 | 823 KIN | CL683 | 03/05/2017 | 1 | 03/05/2017 | Book |
